[Event "Teplice Open 2017"]
[Site "Teplice"]
[Date "2017.06.16"]
[Round "7"]
[White "Plischki, Sebastian"]
[Black "Kucuksari, Kaan"]
[Result "1/2-1/2"]
[WhiteElo "2373"]
[BlackElo "2299"]
[Annotator "ChessBase"]
[PlyCount "72"]
[EventDate "2017.??.??"]
[EventCountry "CZE"]
[SourceTitle "playchess.com"]
[Source "ChessBase"]
[SourceQuality "1"]
[TimeControl "40/5400+30:1800+30"]

1. d4 d5 2. c4 c6 3. Nf3 Nf6 4. e3 e6 5. Bd3 Nbd7 6. O-O Bd6 7. Nc3 O-O 8. e4 dxc4 9. Bxc4 e5 10. Be3 b5 11. Bb3 Bb7 12. a3 a6 13. h3 Rc8 14. Qe2 c5 15. dxc5 Nxc5 16. Bxc5 Rxc5 17. Rfd1 Qe7 18. Rd3 a5 19. Rad1 b4 20. axb4 axb4 21. Rxd6 bxc3 22. bxc3 Rxc3 23. Qb2 Rc5 24. Ng5 Nxe4 25. Bxf7+ Kh8 26. Rd7 Qxg5 27. Rxb7 Rcc8 28. Qb6 Qf4 29. Qe3 Qf5 30. g4 Qf4 31. Qxf4 exf4 32. Be6 Rcd8 33. Rxd8 Rxd8 34. Bd5 Nf6 35. Bf3 h6 36. Kg2 Rd7 1/2-1/2

[Event "Teplice Open 2017"]
[Site "Teplice"]
[Date "2017.06.16"]
[Round "7"]
[White "Rosen, Eric S"]
[Black "Cap, Adam"]
[Result "1-0"]
[WhiteElo "2372"]
[BlackElo "2270"]
[Annotator "ChessBase"]
[PlyCount "37"]
[EventDate "2017.??.??"]
[EventCountry "CZE"]
[SourceTitle "playchess.com"]
[Source "ChessBase"]
[SourceQuality "1"]
[TimeControl "40/5400+30:1800+30"]

1. e4 e5 2. Nf3 Nc6 3. Bb5 a6 4. Ba4 Nf6 5. O-O b5 6. Bb3 Be7 7. Re1 O-O 8. d4 d6 9. c3 h6 10. a4 Bd7 11. Nbd2 Re8 12. Nf1 Bf8 13. Ng3 Qb8 14. Nh4 Qb6 15. Nh5 Nxh5 16. Qxh5 Nd8 17. a5 Qa7 18. Bxh6 gxh6 19. Re3 1-0

[Event "Teplice Open 2017"]
[Site "Teplice"]
[Date "2017.06.16"]
[Round "7"]
[White "Yurtseven, Melih"]
[Black "Zakhartsov, Viacheslav V"]
[Result "1/2-1/2"]
[WhiteElo "2337"]
[BlackElo "2544"]
[Annotator "TA"]
[PlyCount "60"]
[EventDate "2017.??.??"]
[EventCountry "CZE"]
[SourceTitle "playchess.com"]
[Source "ChessBase"]
[SourceQuality "1"]

{[%evp 15,60,25,25,-101,6,-55,8,-61,37,-21,0,-9,0,-55,93,101,147,132,122,52,52,11,21,8,8,0,1,0,0,0,0,0,15,15,29,0,0,-33,0,0,0,0,0,0,0,0,0]} 1. Nf3 d5 2. g3 Bg4 3. Bg2 Nd7 4. d4 c6 5. O-O e6 6. Nbd2 f5 7. b3 {A07: Réti Opening: New York and Capablanca Systems} (7. c4 Bd6 8. b3 Qf6 9. a4 a5 10. Ba3 Bxa3 11. Rxa3 Qe7 12. Ra1 Ngf6 13. Qc2 Ne4 14. Rfe1 O-O 15. e3 Bh5 {½-½ (37) Ju,W (2568)-Stefanova,A (2517) Beijing 2014}) 7... Bd6 8. Bb2 Qf6 {LiveBook: 4 Games} 9. Ne1 $146 {[#]} (9. c4 $11) ({Predecessor:} 9. c4 Nh6 10. Ne1 f4 11. Nd3 g5 12. h3 Bf5 13. g4 Bxd3 14. exd3 O-O {0-1 (40) Smith,A (2383)-Lund,S (2430) Copenhagen 2009}) 9... Ne7 (9... h5 $1 $17 10. Ndf3 Ne7) 10. Nd3 (10. h3 $11 Bh5 11. Nd3) 10... g5 (10... h5 $1 $15) 11. Qe1 (11. f3 $11 Bh5 12. g4) 11... Bh5 (11... h5 $1 $15 12. f3 Qh6) 12. e3 (12. c4 $14) 12... g4 13. c4 Bf7 14. f4 ({Better is} 14. f3 $11) 14... gxf3 (14... h5 $1 $15 {stays ahead.}) 15. Nxf3 $16 Ng6 16. cxd5 cxd5 {[#]} 17. Rc1 (17. Nfe5 $1 $16) 17... Qe7 $14 18. Qe2 {With the idea Nc5.} O-O 19. Nfe5 Nf6 20. Rc2 Rfc8 21. Rfc1 Rxc2 22. Rxc2 Be8 23. Qd1 (23. a4 {is interesting.} a5 24. Nf4 Rb8 25. Bf3 b5 26. Nc6) 23... Bb5 24. Nf4 Nxf4 25. gxf4 Kh8 26. Qc1 (26. a4 $5 {[%cal Ra4b5]} Ba6 27. Bf3 $11) 26... Bd7 27. Bf3 {The position is equal.} Rg8+ 28. Rg2 Rc8 29. Rc2 Rg8+ 30. Rg2 Rc8 {Precision: White = 20%, Black = 37%.} 1/2-1/2

[Event "Teplice Open 2017"]
[Site "Teplice"]
[Date "2017.06.16"]
[Round "7"]
[White "Worek, Joanna"]
[Black "Langrock, Hannes"]
[Result "1-0"]
[WhiteElo "2255"]
[BlackElo "2393"]
[Annotator "TA"]
[PlyCount "121"]
[EventDate "2017.??.??"]
[EventCountry "CZE"]
[SourceTitle "playchess.com"]
[Source "ChessBase"]
[SourceQuality "1"]

{[%evp 11,121,0,11,-10,20,-8,0,-28,4,0,0,0,0,0,20,4,13,0,7,0,20,0,0,0,0,0,0,0,0,0,0,0,0,0,20,0,23,19,27,20,52,39,38,23,92,88,87,88,88,88,201,81,162,0,0,0,130,127,163,122,179,191,179,205,341,352,387,543,528,537,543,520,506,533,521,499,519,521,541,521,503,430,456,468,470,481,559,420,537,527,673,672,764,732,690,671,12238,10008,5635,1028,2231,631,825,785,776,709,1501,1642,2312,2064,29989,29981]} 1. e4 e6 2. d4 d5 3. exd5 exd5 4. Nf3 Bd6 5. c4 Nf6 6. c5 Be7 {LiveBook: 31 Games} 7. Qa4+ {C01: French: Exchange Variation} (7. Nc3 O-O 8. Be3 b6 9. b4 a5 10. a3 Ng4 11. Bf4 Re8 12. Be2 axb4 13. axb4 Rxa1 14. Qxa1 bxc5 15. bxc5 Bxc5 16. dxc5 {½-½ (41) Carlsen,M (2857)-Sadorra,J (2560) Baku 2016}) 7... Bd7 8. Bb5 $146 ({Predecessor:} 8. Qc2 O-O 9. Nc3 b6 10. Be3 Qc8 11. b4 Re8 12. Bd3 Nc6 13. a3 a5 14. b5 Nxd4 15. Bxd4 bxc5 16. Bxf6 Bxf6+ {0-1 (24) Cijs,P (1871)-Mason,I (2144) LSS email 2013}) 8... O-O 9. O-O {The position is equal.} Bf5 10. Re1 c6 11. Bf1 Nbd7 12. Nc3 h6 13. Bf4 Re8 14. h3 Ne4 15. Rad1 Bf6 16. Nxe4 Bxe4 17. Nd2 Bf5 18. Bd6 Be7 19. Bg3 Bf6 20. Qb4 Rxe1 21. Rxe1 b5 22. Bd6 Nf8 23. Nf3 (23. a4 $5 {[%cal Ra4b5]}) 23... Ng6 24. Qc3 (24. a4 $5 {[%cal Ra4b5]} a5 25. Qb3 $11) 24... a5 25. g4 Be6 26. Qe3 Qd7 27. Nh2 h5 (27... Re8 $11 {keeps the balance.}) 28. Bd3 Nf8 {[%cal Rh5g4]} 29. Qf4 ({But not} 29. gxh5 $6 Bxh3 30. Qf3 Nh7 $11) 29... Re8 30. Nf3 $36 {[%mdl 2048] White has strong initiative.} Be7 (30... Qc8 $16) 31. Bxe7 (31. gxh5 $18 {and the rest is easy. Black must now prevent h6.} f6 32. h6) 31... Qxe7 (31... Rxe7 $16 32. gxh5 Bxh3) 32. Re5 $2 (32. gxh5 $18 {Threatens to win with Re3.} Qf6 33. Qxf6 gxf6 34. Kh2) 32... hxg4 33. hxg4 {[%cal Bh3g4,Bg4g5][%mdl 32]} Qf6 {[#]} (33... f6 $11 34. Re3 g5) 34. Qg3 $1 $16 g6 35. g5 Qh8 {[#]} (35... Qd8 $16) 36. Re3 $1 $18 Qh5 37. Ne5 Qd1+ (37... Nh7 $142 38. f4 (38. Nxc6 Nxg5 39. Be2 Qh6 $16) 38... Qd1+ 39. Re1 Qa4 40. Nxc6 b4) 38. Kg2 Rc8 39. Qf4 Qh5 40. Be2 Qh8 41. Ng4 Bxg4 42. Bxg4 ({Weaker is} 42. Qxg4 Rd8 $16) 42... Ra8 43. Re7 {[%csl Ge7][%cal Rf4f7]} Qg7 44. Qe3 Qh8 45. Rc7 b4 46. Qe7 {[%csl Gc7][%cal Re7f7]} Qg7 47. Kg3 Nh7 48. f4 Nf8 49. Qe5 Qh7 50. Bh3 a4 51. Rxc6 Qh5 52. Rc7 Qd1 53. Qe7 Qg1+ 54. Bg2 Qxd4 55. Qxf7+ Kh8 56. Qxd5 (56. Re7 $142 Rc8 57. f5 gxf5 58. Qxf5) 56... Qxd5 57. Bxd5 Rd8 58. Bc4 Rd4 59. b3 a3 60. c6 Rd2 61. Rf7 {Precision: White = 65%, Black = 35%.} 1-0

[Event "Teplice Open 2017"]
[Site "Teplice"]
[Date "2017.06.16"]
[Round "7"]
[White "Mikes, Jan"]
[Black "Hilverda, Alexander"]
[Result "1-0"]
[WhiteElo "2212"]
[BlackElo "2382"]
[Annotator "TA"]
[PlyCount "95"]
[EventDate "2017.??.??"]
[EventCountry "CZE"]
[SourceTitle "playchess.com"]
[Source "ChessBase"]
[SourceQuality "1"]

{[%evp 29,95,-5,3,14,14,-12,-14,-12,0,-23,-2,-15,-9,-40,-27,-63,-89,-75,-80,-56,-16,-12,-19,-29,0,0,0,0,0,-13,0,0,4,6,18,15,102,32,33,39,88,10,0,0,48,43,35,0,0,0,0,0,0,-22,-20,-21,-22,-21,-22,-34,633,631,578,553,29965,29963,29945,5122]} 1. e4 e5 2. Nf3 Nc6 3. Bb5 a6 4. Ba4 Nf6 5. O-O Be7 6. Re1 b5 7. Bb3 d6 8. c3 O-O 9. h3 Nb8 10. d4 Nbd7 11. Nbd2 Bb7 12. Bc2 Re8 13. Nf1 Bf8 14. Ng3 g6 15. Nh2 Bg7 {LiveBook: 7 Games} 16. d5 {C95: Closed Ruy Lopez: Breyer Variation with 10 d4} (16. f4 Qe7 17. dxe5 dxe5 18. f5 c5 19. h4 c4 20. h5 g5 21. Bxg5 h6 22. Be3 Kh7 23. b4 cxb3 24. axb3 {0-1 (68) Negi,P (2529)-Zoler,D (2465) Biel 2007}) 16... Nb6 17. h4 {[%cal Bh3h4,Bh4h5][%mdl 32]} c6 18. dxc6 {The position is equal.} Bxc6 19. h5 d5 20. Bg5 $146 ({Predecessor:} 20. h6 Bh8 21. Bg5 Qc7 22. Qe2 dxe4 {0-1 (39) Sanal,V (2093)-Shafarostov,A (2012) Kemer 2009}) 20... Qc7 21. Qc1 (21. exd5 {is interesting.} Nbxd5 22. Ng4 Nxg4 23. Qxg4 Nf4 24. Bxf4 exf4 25. Ne2) 21... Nxe4 22. Bxe4 dxe4 23. hxg6 hxg6 24. Nxe4 f5 25. Nf6+ Bxf6 $1 26. Bxf6 Nd5 27. Bg5 $1 Nf4 28. Bxf4 $1 exf4 29. Qc2 Kg7 30. c4 Be4 $132 {[%mdl 2048] Black is not keeping still} 31. Qc3+ Kh7 32. c5 a5 (32... Qg7 $11 {remains equal.}) 33. Rac1 ({Better is} 33. Rad1 $16) 33... b4 $14 34. Qc4 Qc6 {[#]} 35. Qf7+ (35. Nf3 $1 $16 {[%mdl 512]}) 35... Kh6 $1 $11 {Threatens to win with ...Bd5.} 36. Red1 Qe6 37. Qc7 {Hoping for Nf3.} Qe5 38. Qxe5 Rxe5 39. Rd6 (39. Re1 $5 {[%cal Rf2f3]} Ree8 40. Nf3 $11) 39... Rc8 40. c6 Rd5 41. Rxd5 Bxd5 {[%mdl 4096] Endgame KRB-KRN} 42. c7 Bxa2 {Threatening ...Bg8.} 43. Nf3 a4 {aiming for ...Bg8.} 44. Ne5 b3 $2 {[%mdl 8192] [#]} (44... Bd5 $15) 45. Nf7+ $1 $18 Kg7 46. Nd6 a3 47. Nxc8 axb2 48. Re1 {Precision: White = 51%, Black = 52%.} 1-0

[Event "Teplice Open 2017"]
[Site "Teplice"]
[Date "2017.06.18"]
[Round "9"]
[White "Nabaty, Tamir"]
[Black "Hnydiuk, Aleksander"]
[Result "1-0"]
[WhiteElo "2644"]
[BlackElo "2404"]
[Annotator "TA"]
[PlyCount "79"]
[EventDate "2017.??.??"]
[EventCountry "CZE"]
[SourceTitle "playchess.com"]
[Source "ChessBase"]
[SourceQuality "1"]

{[%evp 22,79,25,22,38,40,62,61,50,37,60,61,50,58,255,239,245,235,239,223,254,182,144,171,222,191,210,219,210,183,191,191,170,173,198,91,91,91,102,85,81,80,118,103,183,166,250,220,488,500,923,908,835,783,1005,965,1484,1456,1279,1228]} 1. d4 Nf6 2. c4 c5 3. d5 b5 4. cxb5 a6 5. e3 axb5 6. Bxb5 Qa5+ 7. Nc3 Bb7 8. Bd2 Qb6 9. Nf3 Nxd5 {A57: Benko/Volga Gambit} 10. a4 e6 11. O-O Be7 12. e4 {LiveBook: 5 Games} Nb4 $146 ({Predecessor:} 12... Nxc3 13. Bxc3 O-O 14. Ne5 Bxe4 15. Qg4 Bg6 16. Bxd7 Bf6 17. Qg3 {1-0 (58) Demuth,A (2521)-Kasparov,S (2470) Brisbane 2017}) 13. Bf4 {[#] aiming for Bxb8.} O-O 14. Bxb8 Rfxb8 15. Ne5 Qc7 16. Qxd7 Qxe5 17. Qxe7 Nc2 $2 (17... Nc6 $1 $14 18. Bxc6 Bxc6) 18. Rad1 $18 {[%cal Ba1d1,Bd1d3,Bd3g3][%mdl 32]} Nd4 19. f4 Qh5 20. Rd3 f6 21. Rg3 {[%csl Gg3][%cal Re7g7] [#]} Qf7 22. Qxc5 Rd8 (22... Nxb5 {was called for.} 23. axb5 Rd8) 23. Rd3 Nxb5 24. Rxd8+ Rxd8 25. axb5 Rd2 26. Rf2 Qd7 27. h3 {Strongly threatening Rxd2.} h6 28. Kh2 (28. Rxd2 $18 {has better winning chances.} Qxd2 29. Qc7 Qxb2 30. Qxb7 Qc1+ 31. Kf2 Qxc3 32. Qc6 Qd4+ 33. Ke2) 28... Qd4 $16 29. Qxd4 Rxd4 {[%mdl 4096] Endgame KRB-KRN} 30. Re2 Kf8 31. Kg3 Ke7 32. Kf2 Rd3 (32... Rb4 $16) 33. Rc2 $18 Kd8 (33... e5 {is a better defense.} 34. fxe5 fxe5) 34. Na4 {Hoping for Nc5.} Bxe4 $2 (34... Rb3 {was necessary.} 35. Nc5 Rxb5 36. Nxe6+ Kd7) 35. Nc5 $1 {[%csl LRd3,LRe4,LRe6] White is clearly winning.} Rf3+ (35... Rd5 $142) 36. gxf3 Bxc2 37. Nxe6+ Kc8 38. Nxg7 Bg6 39. Ke3 Kc7 40. Kd4 {Precision: White = 78%, Black = 25%.} 1-0

[Event "Teplice Open 2017"]
[Site "Teplice"]
[Date "2017.06.18"]
[Round "9"]
[White "Rausis, Igors"]
[Black "Zakhartsov, Viacheslav V"]
[Result "1-0"]
[WhiteElo "2614"]
[BlackElo "2544"]
[Annotator "TA"]
[PlyCount "93"]
[EventDate "2017.??.??"]
[EventCountry "CZE"]
[SourceTitle "playchess.com"]
[Source "ChessBase"]
[SourceQuality "1"]

{[%evp 25,93,7,7,8,8,12,25,11,20,7,6,8,8,8,6,8,11,10,14,8,17,0,0,0,0,0,0,0,5,0,0,0,0,0,116,126,127,104,173,151,153,153,227,130,221,214,190,202,86,102,4729,4132,1903,516,1658,798,4133,4133,29967,29965,29965,29968,29977,29978,29978,29979,29981,29982,29980,29983]} 1. Nf3 Nf6 2. c4 b6 3. g3 c5 4. Bg2 Bb7 5. O-O e6 6. Nc3 Be7 7. Re1 d5 8. cxd5 Nxd5 9. Nxd5 {A30: Symmetrical English: Double Fianchetto and Hedgehog} (9. d4 cxd4 10. Qa4+ Qd7 11. Qxd7+ Nxd7 12. Nxd4 N7f6 13. Ncb5 O-O 14. e4 Nb4 15. a3 Nd3 16. Rd1 Nc5 {1-0 (48) Aronian,L (2785)-Ivanchuk,V (2747) Doha 2016}) 9... Qxd5 10. d4 cxd4 11. Qxd4 O-O 12. Bg5 Bxg5 13. Qxd5 Bxd5 {LiveBook: 15 Games} 14. Nxg5 Bxg2 15. Kxg2 {[#]} Na6 $146 ({Predecessor:} 15... Rd8 16. Rac1 Na6 {½-½ (39) Bindrich,F (2513)-Pelletier,Y (2607) Plovdiv 2008}) 16. Red1 Rfd8 17. Rac1 h6 18. Nf3 Rxd1 19. Rxd1 $11 {[%mdl 4096] Endgame KRN-KRN} Rc8 20. Rd7 Rc2 21. Rxa7 Nb4 22. a3 Nd5 23. Kf1 Rxb2 24. Ne5 f6 25. Nf3 Rc2 26. e4 Nc7 27. a4 e5 28. Nh4 Ne6 29. Nf5 Rc7 (29... Kf8 $11 {keeps the balance.}) 30. Rxc7 $16 Nxc7 {KN-KN} 31. Nd6 Na6 (31... Kf8 $16 {was called for.}) 32. Nc4 $18 Nc5 33. Nxb6 Nxe4 (33... Kf8 $16 {is a better defense.}) 34. Ke2 (34. a5 $18 {Threatens to win with a6.} Nc5 35. Nd5) 34... Nc5 (34... Kf7 $16 {might work better.}) 35. Kd2 $1 Kf7 {[#]} 36. Kc3 $1 Ke6 {[#]} 37. Kc4 $1 {[%cal Rc4c5]} Nxa4 $2 {[%mdl 8192]} (37... Kd6 $16) 38. Nxa4 $16 {KN-KP} Kf5 39. Kd3 (39. Kd5 $142 Kg4 40. Nc5) 39... Kg4 (39... Ke6 $142 40. f3 h5) 40. Ke3 (40. Ke4 $142 Kh3 41. Nc5) 40... Kh3 41. Nc5 h5 42. Ne6 {White mates.} g5 43. Ng7 Kxh2 44. Nxh5 f5 45. Nf6 g4 {[#]} 46. Nxg4+ $1 {[%mdl 512]} fxg4 47. Ke4 {Precision: White = 58%, Black = 44%.} 1-0

[Event "Teplice Open 2017"]
[Site "Teplice"]
[Date "2017.06.18"]
[Round "9"]
[White "Lagarde, Maxime"]
[Black "Nagy, Gabor"]
[Result "1-0"]
[WhiteElo "2605"]
[BlackElo "2447"]
[Annotator "TA"]
[PlyCount "67"]
[EventDate "2017.??.??"]
[EventCountry "CZE"]
[SourceTitle "playchess.com"]
[Source "ChessBase"]
[SourceQuality "1"]

{[%evp 9,67,31,55,45,45,45,72,33,49,47,66,44,86,89,86,51,71,23,35,26,97,55,106,101,109,105,112,117,102,111,135,131,135,93,120,120,126,125,128,134,141,137,237,229,276,274,257,276,309,304,410,400,536,523,756,737,1256,1176,1315,998]} 1. d4 Nf6 2. c4 {[%cal Bc2c4,Bc4b5][%mdl 32]} c5 3. d5 b5 4. cxb5 a6 5. bxa6 g6 6. Nc3 {A58: Benko/Volga Gambit: Lines with 5 bxa6} Bg7 (6... Bxa6 7. Nf3 Bg7 8. e4 Bxf1 9. Kxf1 d6 10. g3 O-O 11. Kg2 Na6 12. Qe2 Qb6 13. Rd1 Qb7 14. Rb1 Nd7 15. Bg5 Rfe8 16. a3 Nc7 17. Qc2 Nb6 18. a4 Rac8 19. b3 e6 20. dxe6 Nxe6 {1-0 (27) Jakovenko,D (2714)-Zvjaginsev,V (2673) Moscow 2016}) 7. e4 {Black must now prevent e5.} O-O 8. a7 {White is better.} Rxa7 9. Nf3 d6 10. Be2 Ba6 11. O-O $36 {[%mdl 2048] Keeping Black busy.} Nbd7 12. Rb1 Qa8 13. Re1 $146 ({Predecessor:} 13. a4 Rb8 {1-0 (24) Sandipan,C (2574)-Holm,K (2330) Caleta 2015}) 13... Bxe2 14. Qxe2 Ng4 {[#]} (14... Rb8 $11) 15. Nd2 $1 $16 Bxc3 (15... Ngf6 $14) 16. bxc3 Ngf6 17. a3 $1 Rb8 18. Rxb8+ Qxb8 19. c4 Rb7 20. f4 Nh5 21. Qe3 f6 22. g3 Ng7 23. Qd3 Kh8 24. Re3 e5 25. f5 gxf5 (25... Kg8 $16 {keeps fighting.} 26. Qc2 Qa8) 26. exf5 $18 e4 27. Qxe4 ({Resist} 27. Nxe4 $6 Ne5 $18) 27... Ne5 28. Nf3 Re7 29. Nxe5 Rxe5 30. Qc2 Rxf5 31. Bb2 {White is clearly winning.} Qf8 32. a4 {[%cal Ba3a4,Ba4a5][%mdl 32]} h5 33. a5 Qd8 34. Bc3 {Precision: White = 74%, Black = 23%.} 1-0

[Event "Teplice Open 2017"]
[Site "Teplice"]
[Date "2017.06.18"]
[Round "9"]
[White "Turov, Maxim"]
[Black "Dragun, Kamil"]
[Result "1-0"]
[WhiteElo "2595"]
[BlackElo "2614"]
[Annotator "TA"]
[PlyCount "63"]
[EventDate "2017.??.??"]
[EventCountry "CZE"]
[SourceTitle "playchess.com"]
[Source "ChessBase"]
[SourceQuality "1"]

{[%evp 9,63,23,12,6,11,23,26,30,31,27,28,25,50,51,60,47,52,53,52,58,61,49,47,25,18,27,23,29,40,0,12,0,8,6,51,39,138,139,140,135,114,132,231,220,396,400,372,398,393,335,468,447,579,573,752,752]} 1. Nf3 d5 2. g3 Nc6 3. d4 Bf5 4. Bg2 Nb4 5. Na3 e6 6. Nh4 {D02: 1 d4 d5 2 Nf3 sidelines, including 2...Nf6 3 g3 and 2...Nf6 3 Bf4} (6. O-O h6 7. c4 Nf6 8. Bd2 Nc6 9. Qb3 Rb8 10. Rfd1 Be4 11. Bf4 Bd6 12. Bxd6 cxd6 13. Nb5 dxc4 14. Qa3 {½-½ (55) Ganguly,S (2640)-Yu,Y (2750) Fufeng 2017}) 6... Bg4 7. c3 Nc6 8. Qb3 {White has an edge.} Rb8 9. e4 dxe4 10. Bxe4 Nf6 11. Bg2 Be7 12. O-O O-O 13. Nc4 {[#]} Nd7 $146 ({Predecessor:} 13... Nd5) 14. Nf3 {[%cal Bh4f3,Bf3d2,Bd2e4,Be4g5][%mdl 32]} b5 15. Ne3 Bh5 16. Nd2 Na5 17. Qc2 Bg6 18. Qd1 c5 19. dxc5 Bxc5 20. Ne4 $36 {[%mdl 2048] White has the initiative.} Be7 21. b4 Nc4 22. a4 f5 ({Black should try} 22... Bxe4 $14 23. Bxe4 Nd6) 23. Nxc4 $16 bxc4 {[#]} 24. Ng5 $1 {[%cal Rg5e6][%mdl 512]} Rb6 (24... Bxg5 25. Bxg5) 25. Bf4 {And now a5 would win.} Bxg5 (25... e5 $16 {was worth a try.}) 26. Bxg5 Nf6 $2 (26... Qxg5 27. Qxd7 Rf7 28. Qc8+ Rf8) 27. Qxd8 $18 Rxd8 28. Be3 Rbd6 29. Bxa7 Rd3 30. Bd4 {White is clearly winning.} Ng4 31. h3 e5 32. Bb6 {Precision: White = 87%, Black = 49%.} 1-0

[Event "Teplice Open 2017"]
[Site "Teplice"]
[Date "2017.06.18"]
[Round "9"]
[White "Vorobiov, Evgeny E"]
[Black "Mikes, Jan"]
[Result "1-0"]
[WhiteElo "2591"]
[BlackElo "2212"]
[Annotator "TA"]
[PlyCount "115"]
[EventDate "2017.??.??"]
[EventCountry "CZE"]
[SourceTitle "playchess.com"]
[Source "ChessBase"]
[SourceQuality "1"]

{[%evp 18,115,26,17,44,41,49,48,37,39,30,51,69,52,73,95,128,43,46,52,54,63,58,40,66,64,63,57,69,58,131,133,180,143,173,172,161,160,170,76,110,46,45,57,93,119,161,158,190,170,163,121,131,138,124,133,163,154,161,154,270,270,261,261,308,320,347,308,312,293,294,276,458,550,452,550,538,546,550,544,541,525,511,517,536,522,509,489,621,538,1405,1379,1363,1326,1114,1013,1460,1269,1362,1209]} 1. Nf3 Nf6 2. g3 d5 3. Bg2 c6 4. O-O Bf5 5. c4 e6 6. cxd5 exd5 7. d3 Na6 {A11: English Opening: 1...c6} 8. a3 Be7 9. Nbd2 (9. b4 Nc7 10. Nd4 Bg6 11. Nb3 Ne6 12. Nc3 O-O 13. Bb2 Nd7 14. Rc1 Nb6 15. Na5 {0-1 (60) Jakovenko,D (2714)-Goganov,A (2635) Novosibirsk 2016}) 9... O-O 10. b4 {LiveBook: 3 Games} Nc7 11. Nb3 Qc8 $146 ({Predecessor:} 11... Nfe8 12. Bb2 Nd6 13. Re1 Re8 {1-0 (39) Mikhalevski,V (2536)-Savchenko,B (2567) Berlin 2015}) 12. Bb2 Bh3 13. Rc1 Bxg2 14. Kxg2 h6 15. Re1 Qg4 16. h3 Qh5 17. Bxf6 ({White should try} 17. Na5 $1 $16) 17... Bxf6 $14 18. Nc5 Bb2 19. Rb1 $36 {[%mdl 2048] White fights for an advantage.} Bc3 {Strongly threatening ...b6.} 20. Rf1 {Threatens to win with d4.} a5 21. d4 axb4 22. axb4 Nb5 23. e3 Ra2 ({Better is} 23... Rfb8 $14) 24. Qd3 $1 $16 Ra7 25. Nd7 Rfa8 {[#]} 26. Nde5 $1 f5 27. g4 Qe8 {[#]} 28. Qxf5 (28. g5 $1 $18 {is more deadly.}) 28... Nd6 29. Qd7 (29. Qf4 $16) 29... Qxd7 $14 30. Nxd7 Rd8 31. Nc5 b6 32. Nd3 Ne4 33. Rb3 Ra2 34. Rc1 Bd2 35. Nxd2 (35. Rxc6 $6 Bxe3 36. Rb2 Rxb2 $11) 35... Rxd2 36. Rcb1 Rf8 {[%cal Re4f2]} 37. R1b2 Rd1 38. Rc2 Nd2 (38... Ra8 $16 39. b5 (39. Rxc6 Raa1 $14) 39... cxb5) 39. Nb2 $18 Nxb3 40. Nxd1 {[%mdl 4096] Endgame KRN-KRN} Rc8 41. Nc3 Ra8 42. b5 c5 43. Nxd5 cxd4 44. Rb2 (44. Nxb6 $6 Ra5 $18) 44... Rd8 $2 (44... Nc5 {might work better.} 45. Nxb6 Rd8 46. exd4 Nd3) 45. Ne7+ {White is clearly winning.} ({Weaker is} 45. Rxb3 Rxd5 46. Rd3 Rxb5 $16) 45... Kf8 46. Nc6 (46. Rxb3 Kxe7 47. Rd3 dxe3 $14) 46... d3 {aiming for ...d2.} 47. Nxd8 d2 48. Rxd2 ({Less strong is} 48. Rxb3 d1=Q $14) ({Not} 48. Rb1 $2 Nc1 $19) 48... Nxd2 {KN-KN} 49. Ne6+ Kf7 50. Nd4 Ne4 51. h4 Kf6 52. f3 {[%cal Bf2f3,Bf3f4][%mdl 32]} Nc3 53. f4 g5 54. hxg5+ hxg5 55. Kf3 Nd5 56. Ne2 Nb4 57. Ke4 Nc2 58. Nc3 {Precision: White = 76%, Black = 33%.} 1-0